| 000 | 01971cam a22005177i 4500 | ||
|---|---|---|---|
| 001 | 3253 | ||
| 003 | FISKH | ||
| 005 | 20240222093058.0 | ||
| 008 | 130424t20132013nyuab j b 000 0beng d | ||
| 010 | _a 2013938724 | ||
| 020 | _a9780448466880 (hbk.) | ||
| 020 | _a0448466880 (hbk.) | ||
| 020 | _a9780448466873 (pbk.) | ||
| 020 | _a0448466872 (pbk.) | ||
| 035 | _a(OCoLC)ocn841809432 | ||
| 040 |
_aPNX _beng _cPNX _erda _dOCLCO _dJAO _dOCLCQ _dOCLCO _dBTCTA _dBDX _dDLC |
||
| 042 | _alccopycat | ||
| 043 | _an-us--- | ||
| 050 | 0 | 0 |
_aTL789.85.R53 _bS75 2013 |
| 082 | 0 | 4 |
_a629.450092 _aB _223 |
| 100 | 1 | _aStine, Megan. | |
| 245 | 1 | 0 |
_aWho was Sally Ride? / _cby Megan Stine ; illustrated by Ted Hammond. |
| 260 |
_aNew York : _bPenguin, _c2013 |
||
| 300 |
_a103 pages : _billustrations, map ; _c20 cm |
||
| 336 |
_atext _btxt _2rdacontent |
||
| 337 |
_aunmediated _bn _2rdamedia |
||
| 338 |
_avolume _bnc _2rdacarrier |
||
| 490 | 1 | _aWho was--? | |
| 504 | _aIncludes bibliographical references (page 105). | ||
| 505 | _aT | ||
| 520 |
_aLooks at the life and career of the physician and NASA astronaut who became the first American woman in space in 1983 -- _cSource other than Library of Congress. |
||
| 521 | 8 |
_a800
_bLexile |
|
| 521 | 8 |
_aT
_bRaz-Plus |
|
| 600 | 1 | 0 |
_aRide, Sally _vJuvenile literature. |
| 610 | 1 | 0 |
_aUnited States. _bNational Aeronautics and Space Administration _vBiography _vJuvenile literature. |
| 610 | 1 | 1 |
_aUnited States. _bNational Aeronautics and Space Administration _vBiography. |
| 650 | 0 |
_aWomen astronauts _zUnited States _vBiography _vJuvenile literature. |
|
| 650 | 0 |
_aAstronauts _zUnited States _vBiography _vJuvenile literature. |
|
| 650 | 0 |
_aWomen physicists _zUnited States _vBiography _vJuvenile literature. |
|
| 650 | 1 | _aAstronauts. | |
| 650 | 1 | _aPhysicists. | |
| 650 | 1 |
_aWomen _vBiography. |
|
| 700 | 1 |
_aHammond, Ted, _eillustrator. |
|
| 906 |
_a7 _bcbc _ccopycat _d2 _encip _f20 _gy-gencatlg |
||
| 942 |
_2ddc _cBK _n0 |
||
| 999 |
_c3253 _d3253 |
||